Peix i sal: Història lèxica de la saladura (Registre núm. 69171)
[ vista simple ]
| 000 -LEADER | |
|---|---|
| campo de control de longitud fija | 01091aam a2200373 4500 |
| 005 - FECHA Y HORA DE LA ÚLTIMA TRANSACCIÓN | |
| campo de control | 20250115143846.0 |
| 008 - DATOS DE LONGITUD FIJA--INFORMACIÓN GENERAL | |
| campo de control de longitud fija | 240115s2023 d 001 cat d |
| 017 ## - NÚMERO DE COPYRIGHT O DE DEPÓSITO LEGAL | |
| Número de copyright o de depósito legal | A-362-2023 |
| 020 ## - NÚMERO INTERNACIONAL ESTÁNDAR DEL LIBRO | |
| Número Internacional Estándar del Libro | 9788413022291 |
| 041 ## - CÓDIGO DE IDIOMA | |
| Código de lengua del texto/banda sonora o título independiente | cat |
| 100 ## - ENTRADA PRINCIPAL--NOMBRE DE PERSONA | |
| Nombre de persona | Llorca Ibi, Francesc Xavier |
| 9 (RLIN) | 71421 |
| 245 ## - MENCIÓN DEL TÍTULO | |
| Título | Peix i sal: Història lèxica de la saladura |
| Mención de responsabilidad, etc. | Francesc Xavier Llorca Ibi |
| 260 ## - PUBLICACIÓN, DISTRIBUCIÓN, ETC. | |
| Lugar de publicación, distribución, etc. | Alacant |
| Nombre del editor, distribuidor, etc. | Universitat d'Alacant. Departament de Filologia Catalana |
| Fecha de publicación, distribución, etc. | 2023 |
| 300 ## - DESCRIPCIÓN FÍSICA | |
| Extensión | 182 p. |
| 490 ## - MENCIÓN DE SERIE | |
| Mención de serie | Biblioteca Rafael Alemany Ferrer; |
| Designación de volumen o secuencia | 3 |
| 500 ## - NOTA GENERAL | |
| Nota general | Inclou Vocabulari de la saladura (p. 99-145) |
| 504 ## - NOTA DE BIBLIOGRAFÍA, ETC. | |
| Nota de bibliografía, etc. | Bibliografia |
| 546 ## - NOTA DE IDIOMA | |
| Llengua de les definicions | català |
| 591 ## - Codi de font | |
| Codi de font | 11033 |
| 592 ## - Tipus obra | |
| Tipus d'obra | Obra especialitzada |
| 593 ## - Codi CGAT | |
| Codi de la CGAT | KRK |
| 593 ## - Codi CGAT | |
| Codi de la CGAT | KRM |
| 593 ## - Codi CGAT | |
| Codi de la CGAT | KS |
| 593 ## - Codi CGAT | |
| Codi de la CGAT | SJ |
| 594 ## - Número de document | |
| Número de document | 11033 |
| 650 #0 - PUNTO DE ACCESO ADICIONAL DE MATERIA--TÉRMINO DE MATERIA | |
| Término de materia o nombre geográfico como elemento de entrada | peix |
| 9 (RLIN) | 62559 |
| 650 #0 - PUNTO DE ACCESO ADICIONAL DE MATERIA--TÉRMINO DE MATERIA | |
| Término de materia o nombre geográfico como elemento de entrada | sal |
| 9 (RLIN) | 61855 |
| 650 #0 - PUNTO DE ACCESO ADICIONAL DE MATERIA--TÉRMINO DE MATERIA | |
| Término de materia o nombre geográfico como elemento de entrada | indústria alimentària |
| 9 (RLIN) | 61179 |
| 650 #0 - PUNTO DE ACCESO ADICIONAL DE MATERIA--TÉRMINO DE MATERIA | |
| Término de materia o nombre geográfico como elemento de entrada | història de la llengua |
| 9 (RLIN) | 61265 |
| 830 ## - PUNTO DE ACCESO ADICIONAL DE SERIE-TÍTULO UNIFORME | |
| Título uniforme | Biblioteca Rafael Alemany Ferrer; |
| Designación de volumen o secuencia | 3 |
| 9 (RLIN) | 75717 |
| 942 ## - ELEMENTOS DE ENTRADA SECUNDARIOS (KOHA) | |
| Tipo de ítem Koha | Monografia |
| Suprimir en OPAC | No |
| Fuente del sistema de clasificación o colocación | Clasificación Decimal Dewey |
| Estatus retirado | Estado de pérdida | Estado de daño | No para préstamo | Biblioteca de origen | Biblioteca actual | Fecha de adquisición | Total de préstamos | Signatura topográfica completa | Código de barras | Visto por última vez | Precio de reemplazo | Tipo de ítem Koha |
|---|---|---|---|---|---|---|---|---|---|---|---|---|
| Termcat | TERMCAT | 15/01/2025 | KRK 3 | 9788413022291 | 15/01/2025 | 15/01/2025 | MO |